| 000 | 00471nam a22001697a 4500 | ||
|---|---|---|---|
| 999 |
_c172 _d172 |
||
| 005 | 20210910123035.0 | ||
| 008 | 160428b xxu||||| |||| 00| 0 eng d | ||
| 020 | _a1-89311535-6 | ||
| 041 | _aeng | ||
| 082 |
_b00601 _a005.133 |
||
| 100 |
_aCornell, Gary ans Morrison, jonathan _94091 |
||
| 245 | _aProgramming VB.NET A Guide for Experienced Programmers | ||
| 260 |
_bwww.apress.com appress _c2002 |
||
| 300 | _a500 | ||
| 650 |
_aInformation Technology _9137 |
||
| 942 | _cBK | ||